[Event "Prebor DDM 2006 A"]
[Site "?"]
[Date "2006.10.04"]
[Round "1"]
[White "Krivanek, Vladimir"]
[Black "Kalab, Jaromir"]
[Result "1-0"]
[WhiteElo "2122"]
[BlackElo "1674"]
[PlyCount "39"]
[EventDate "2006.10.04"]
[SourceDate "2006.10.04"]

1. e4 e5 2. Bc4 Nf6 3. d4 exd4 4. Nf3 Be7 5. e5 Ng8 6. Nxd4 Nc6 7. Nxc6 dxc6 8.
Qh5 g6 9. Qf3 Be6 10. Bxe6 fxe6 11. Nc3 Qd4 12. Bf4 Qb6 13. O-O-O Rd8 14. Rxd8+
Kxd8 15. Rd1+ Kc8 16. Qd3 Nf6 17. exf6 Bxf6 18. Qd7+ Kb8 19. Be5 Rd8 20. Qxd8+
1-0

[Event "Prebor DDM 2006 A"]
[Site "?"]
[Date "2006.10.04"]
[Round "1"]
[White "Rakous, Pavel"]
[Black "Safranek, David"]
[Result "1-0"]
[WhiteElo "1998"]
[BlackElo "1714"]
[PlyCount "59"]
[EventDate "2006.10.04"]
[SourceDate "2006.10.04"]

1. Nf3 Nf6 2. Nc3 Nc6 3. e4 e5 4. d4 exd4 5. Nd5 Nxd5 6. exd5 Bb4+ 7. Bd2 Qe7+
8. Be2 Bxd2+ 9. Qxd2 Ne5 10. O-O-O O-O 11. Nxd4 d6 12. f4 Ng4 13. Bxg4 Bxg4 14.
Rde1 Qf6 15. f5 Rfe8 16. Qf4 Bh5 17. g4 Qh4 18. Reg1 Re5 19. Nf3 Qf2 20. gxh5
Re2 21. Qd4 Rxc2+ 22. Kb1 Qxd4 23. Nxd4 Rc5 24. f6 g6 25. Nf5 Kf8 26. hxg6 fxg6
27. Ng7 Kf7 28. Ne6 Rxd5 29. Nxc7 Rc5 30. Nxa8 1-0

[Event "Prebor DDM 2006 A"]
[Site "?"]
[Date "2006.10.04"]
[Round "1"]
[White "Vlach, Karel"]
[Black "Nemec, Jan"]
[Result "1-0"]
[WhiteElo "1893"]
[BlackElo "1887"]
[PlyCount "84"]
[EventDate "2006.10.04"]
[SourceDate "2006.10.04"]

1. e4 e5 2. f4 Bc5 3. Nf3 d6 4. Bc4 Nf6 5. Nc3 Nc6 6. h3 Qe7 7. d3 Bd7 8. Na4
Bb4+ 9. c3 Ba5 10. b4 Nxb4 11. Rb1 Nc6 12. O-O Bb6+ 13. Kh2 Na5 14. fxe5 dxe5
15. Bb5 c6 16. Nxb6 axb6 17. Ba4 b5 18. Bc2 Qd6 19. Qe1 O-O 20. Qh4 Ne8 21. d4
f6 22. dxe5 fxe5 23. Rd1 Qc7 24. Ba3 c5 25. Qe7 Rf7 26. Qxc5 Qxc5 27. Bxc5 Bc6
28. Nxe5 Rf6 29. Ng4 Rf4 30. Kg3 Rf7 31. Ne5 Rf6 32. Ng4 Re6 33. e5 h5 34. Bf5
Nc7 35. Bd6 Rxd6 36. exd6 Nd5 37. Be6+ Kh8 38. Bxd5 hxg4 39. Rb4 Rd8 40. Bxc6
bxc6 41. d7 Nc4 42. Rxc4 bxc4 1-0

[Event "Prebor DDM 2006 A"]
[Site "?"]
[Date "2006.10.04"]
[Round "1"]
[White "Pokorny, Ondrej"]
[Black "Zuna, Zdenek"]
[Result "1-0"]
[WhiteElo "1942"]
[BlackElo "1769"]
[PlyCount "55"]
[EventDate "2006.10.04"]
[SourceDate "2006.10.04"]

1. e4 e5 2. Nf3 d6 3. Bc4 Be7 4. d4 Nf6 5. dxe5 Nxe4 6. Qd5 Be6 7. Qxb7 Bxc4 8.
Qxa8 d5 9. Nbd2 Nxf2 10. Kxf2 Bc5+ 11. Ke1 Bb5 12. Qb7 Bb6 13. Nd4 Qh4+ 14. Kd1
Qxd4 15. Qxb8+ Kd7 16. Qxh8 Qg4+ 17. Nf3 Be2+ 18. Kd2 Qxg2 19. e6+ Kc6 20. Qe8+
Kb7 21. exf7 Ba5+ 22. c3 Bc4+ 23. Ke1 Qxh1+ 24. Kf2 Bb6+ 25. Be3 Qxa1 26. Bxb6
Qxb2+ 27. Kg3 Bf1 28. Bf2 1-0

[Event "Prebor DDM 2006 A"]
[Site "?"]
[Date "2006.10.04"]
[Round "1"]
[White "Hrdina, Jiri"]
[Black "Kottek, Eduard"]
[Result "1/2-1/2"]
[WhiteElo "1920"]
[BlackElo "1871"]
[PlyCount "109"]
[EventDate "2006.10.04"]
[SourceDate "2006.10.05"]

1. e4 c5 2. g3 Nc6 3. Bg2 Nf6 4. Ne2 d6 5. O-O g6 6. d4 cxd4 7. Nxd4 Bg7 8. Be3
O-O 9. Nc3 Bd7 10. Qd2 Re8 11. Rad1 Qc8 12. f3 Bh3 13. Ncb5 Bxg2 14. Kxg2 a6
15. Nc3 Ne5 16. b3 Qc7 17. Nd5 Nxd5 18. exd5 e6 19. dxe6 fxe6 20. c4 Rad8 21.
Rfe1 Nc6 22. Nc2 b5 23. cxb5 axb5 24. Nd4 Qb7 25. Nxc6 Qxc6 26. Rc1 Qb7 27. Rc2
d5 28. Qd3 e5 29. Rc5 d4 30. Bg5 Rc8 31. Rxc8 Rxc8 32. Rc1 Rxc1 33. Bxc1 Qc6
34. Bd2 h5 35. Qe4 Qxe4 36. fxe4 Kf7 37. Kf3 Ke6 38. g4 hxg4+ 39. Kxg4 Bf6 40.
a4 bxa4 41. bxa4 Kd7 42. h4 Kc6 43. Bb4 Bd8 44. h5 gxh5+ 45. Kxh5 Bc7 46. Kg4
Bd6 47. Bd2 Kc5 48. Kf3 Kc4 49. Ke2 Bb4 50. a5 Bc5 51. Bg5 Kb5 52. Bd8 Bd6 53.
Kd3 Ka6 54. Bb6 Kb7 55. Bxd4 1/2-1/2

[Event "Prebor DDM 2006 A"]
[Site "?"]
[Date "2006.10.04"]
[Round "1"]
[White "Hacaperka, Michal"]
[Black "Sevcak, Frantisek"]
[Result "0-1"]
[WhiteElo "1939"]
[BlackElo "2114"]
[PlyCount "79"]
[EventDate "2006.10.04"]
[SourceDate "2006.10.05"]

1. e4 c5 2. f4 Nf6 3. Nc3 d5 4. e5 Nfd7 5. Nf3 e6 6. Be2 Nc6 7. O-O Be7 8. Kh1
O-O 9. d4 a6 10. a4 f6 11. exf6 Bxf6 12. dxc5 Nxc5 13. Nb1 Ne4 14. Bd3 Qb6 15.
Bxe4 dxe4 16. Ne5 Bxe5 17. fxe5 Rxf1+ 18. Qxf1 Bd7 19. b3 Rf8 20. Qe1 Qd4 21.
c3 Qd3 22. Kg1 Nxe5 23. Ba3 Rf6 24. Ra2 e3 25. Re2 Rg6 26. Rxe3 Nf3+ 27. Rxf3
Qxf3 28. Qf2 Qd1+ 29. Qf1 Qxf1+ 30. Kxf1 Bc6 31. g3 Rh6 32. Kg1 Rf6 33. Nd2 Kf7
34. Bd6 Rf5 35. Nc4 Kf6 36. Bc7 e5 37. a5 Ke6 38. Ne3 Rf7 39. Bb6 Rd7 40. c4
0-1

[Event "Prebor DDM 2006 A"]
[Site "?"]
[Date "2006.10.05"]
[Round "1"]
[White "Fica, Alexander"]
[Black "Schmidt, Karel"]
[Result "0-1"]
[WhiteElo "1805"]
[BlackElo "1634"]
[PlyCount "32"]
[EventDate "2006.10.04"]
[SourceDate "2006.10.08"]

1. d4 d5 2. c4 e6 3. Nf3 Nf6 4. Bg5 h6 5. Bh4 c6 6. e3 Qa5+ 7. Nbd2 Nbd7 8. a3
dxc4 9. Bxc4 Be7 10. O-O O-O 11. e4 Qd8 12. Rc1 Re8 13. Bd3 c5 14. e5 Nd5 15.
Bg3 cxd4 16. Nxd4 a6 {zapis necitelny} 0-1

[Event "Prebor DDM 2006 A"]
[Site "?"]
[Date "2006.10.11"]
[Round "2"]
[White "Schmidt, Karel"]
[Black "Nemec, Jan"]
[Result "0-1"]
[WhiteElo "1887"]
[BlackElo "1634"]
[PlyCount "72"]
[EventDate "2006.10.04"]
[SourceDate "2006.10.11"]

1. d4 d5 2. c4 e6 3. Nc3 Nf6 4. Bg5 Nbd7 5. e3 c6 6. Nf3 Qa5 7. cxd5 Nxd5 8.
Qc2 Bb4 9. Rc1 O-O 10. e4 Nxc3 11. bxc3 Ba3 12. Rd1 e5 13. d5 f6 14. dxc6 bxc6
15. Bc4+ Kh8 16. Be3 Nb6 17. Bd3 Ba6 18. O-O Rfd8 19. c4 Bc5 20. Bc1 Qa4 21.
Qb3 Rd7 22. Be2 Rad8 23. Rxd7 Rxd7 24. Nd2 Qxb3 25. axb3 Kg8 26. Rd1 Kf7 27. g4
g5 28. Kg2 Bc8 29. Kg3 Bb4 30. Nf3 Rxd1 31. Bxd1 Nd7 32. Be3 a6 33. Nd2 Bxd2
34. Bxd2 Nc5 35. Kf3 Nd3 36. Bc3 Bxg4+ 0-1

[Event "Prebor DDM 2006 A"]
[Site "?"]
[Date "2006.10.11"]
[Round "2"]
[White "Kottek, Eduard"]
[Black "Vlach, Karel"]
[Result "0-1"]
[WhiteElo "1871"]
[BlackElo "1893"]
[PlyCount "104"]
[EventDate "2006.10.04"]
[SourceDate "2006.10.11"]

1. c4 b6 2. Nc3 Bb7 3. e4 e6 4. Nf3 Bb4 5. Bd3 Na6 6. Bc2 Nc5 7. d3 d5 8. exd5
exd5 9. O-O Bxc3 10. bxc3 dxc4 11. Re1+ Ne7 12. Ba3 Ne6 13. dxc4 Qxd1 14. Bxd1
c5 15. Bc1 h6 16. Ba4+ Bc6 17. Bb5 a6 18. Bxc6+ Nxc6 19. Rb1 Rb8 20. Bf4 Rb7
21. Bd6 Kd7 22. Rbd1 Kc8 23. Ne5 Nxe5 24. Bxe5 Rd8 25. Rd5 Rbd7 26. Red1 f6 27.
Bg3 Nc7 28. Bxc7 Kxc7 29. a4 Rxd5 30. cxd5 c4 31. Kf1 b5 32. axb5 axb5 33. Ke2
Kd6 34. Kd2 Kc5 35. Kc2 Rxd5 36. Ra1 Rd7 37. Ra8 Rd5 38. g4 h5 39. h3 hxg4 40.
hxg4 Rg5 41. f3 f5 42. Rc8+ Kb6 43. Rb8+ Kc6 44. Rc8+ Kd6 45. Rd8+ Ke6 46. Re8+
Kf6 47. gxf5 Rxf5 48. Rb8 Kg5 49. Kd2 Kf4 50. Ke2 Kg3 51. Rb7 g5 52. Rg7 Re5+
0-1

[Event "Prebor DDM 2006 A"]
[Site "?"]
[Date "2006.10.11"]
[Round "2"]
[White "Fica, Alexander"]
[Black "Krivanek, Vladimir"]
[Result "0-1"]
[WhiteElo "1805"]
[BlackElo "2122"]
[PlyCount "102"]
[EventDate "2006.10.04"]
[SourceDate "2006.10.11"]

1. e4 d5 2. exd5 Nf6 3. Bc4 Bg4 4. Ne2 Nxd5 5. f3 Bf5 6. Bxd5 Qxd5 7. Nbc3 Qa5
8. O-O e6 9. d3 Nc6 10. Be3 Be7 11. a3 Qe5 12. Qc1 Bc5 13. Bxc5 Qxc5+ 14. Kh1
Rd8 15. b4 Qe7 16. Ne4 O-O 17. Qb2 e5 18. Qc3 a6 19. N2g3 Bc8 20. Rad1 f5 21.
Nf2 Nd4 22. Rfe1 Qd6 23. Ne2 Rfe8 24. Nxd4 exd4 25. Qd2 Re6 26. Rxe6 Bxe6 27.
Re1 Re8 28. Kg1 Kf7 29. Nh3 h6 30. Qf4 g5 31. Qxd6 cxd6 32. Kf1 Rc8 33. Re2 Rc3
34. a4 Bd7 35. a5 Ba4 36. Nf2 Bxc2 37. Rd2 Ke7 38. Ke2 Bb3 39. Rb2 Rc2+ 40.
Rxc2 Bxc2 41. g4 Kf6 42. gxf5 Kxf5 43. Ne4 Ke6 44. Kd2 Bb3 45. Kc1 Bd5 46. Kd2
Bxe4 47. fxe4 g4 48. Ke2 Ke5 49. Kf2 Kf4 50. Ke2 h5 51. Kf2 h4 0-1

[Event "Prebor DDM 2006 A"]
[Site "?"]
[Date "2006.10.11"]
[Round "2"]
[White "Sevcak, Frantisek"]
[Black "Hrdina, Jiri"]
[Result "1/2-1/2"]
[WhiteElo "2114"]
[BlackElo "1920"]
[PlyCount "104"]
[EventDate "2006.10.04"]
[SourceDate "2006.10.11"]

1. d4 Nf6 2. Nf3 g6 3. g3 Bg7 4. Bg2 d5 5. O-O O-O 6. c4 c6 7. Nc3 Bf5 8. cxd5
cxd5 9. Ne5 Nbd7 10. Nxd7 Qxd7 11. Qb3 Rfd8 12. Rd1 Rac8 13. Bf4 Rc6 14. a4 Ne4
15. Rac1 Nxc3 16. Rxc3 Rxc3 17. bxc3 h6 18. Ra1 g5 19. Bd2 e5 20. dxe5 Bxe5 21.
Be3 Be6 22. Qb4 Rc8 23. Rc1 Rc4 24. Qb5 Qxb5 25. axb5 Rxc3 26. Rxc3 Bxc3 27.
Bxa7 Bd7 28. Bxd5 Bxb5 29. e4 Bc6 30. Bxc6 bxc6 31. Bc5 Kg7 32. Kg2 Kf6 33. f4
Ke6 34. Kf3 f5 35. exf5+ Kxf5 36. g4+ Kf6 37. f5 h5 38. h3 hxg4+ 39. hxg4 Bd2
40. Ke4 Bc3 41. Bd4+ Bxd4 42. Kxd4 Ke7 43. Kc5 Kd7 44. f6 Ke6 45. Kxc6 Kxf6 46.
Kd6 Kg6 47. Ke6 Kh6 48. Kf6 Kh7 49. Kxg5 Kg7 50. Kf5 Kf7 51. g5 Kg7 52. g6 Kg8
1/2-1/2

[Event "Prebor DDM 2006 A"]
[Site "?"]
[Date "2006.10.11"]
[Round "2"]
[White "Zuna, Zdenek"]
[Black "Hacaperka, Michal"]
[Result "0-1"]
[WhiteElo "1769"]
[BlackElo "1939"]
[PlyCount "76"]
[EventDate "2006.10.04"]
[SourceDate "2006.10.11"]

1. d4 Nf6 2. c4 g6 3. Nc3 Bg7 4. e4 d6 5. f3 O-O 6. Be3 Nbd7 7. Qd2 c5 8. d5 a6
9. h3 Ne8 10. g4 Ne5 11. f4 Nd7 12. Bd3 Rb8 13. Nf3 Nc7 14. a4 Re8 15. Qe2 Nf8
16. Bd2 e6 17. Kf2 exd5 18. cxd5 b5 19. axb5 axb5 20. Bxb5 Nxb5 21. Nxb5 f5 22.
Ra7 Qb6 23. Rxg7+ Kxg7 24. Bc3+ Kg8 25. Na3 Rxe4 26. Qd2 Ba6 27. Re1 Rbe8 28.
Rxe4 Rxe4 29. Kg3 Re2 30. Qd1 Re4 31. Ng5 Re3+ 32. Kh4 Be2 33. Qa4 Qd8 34. Qa7
Nd7 35. Nc2 Rd3 36. Ba5 Qe7 37. Qa8+ Qf8 38. Qb7 Qh6# 0-1

[Event "Prebor DDM 2006 A"]
[Site "?"]
[Date "2006.10.11"]
[Round "2"]
[White "Kalab, Jaromir"]
[Black "Rakous, Pavel"]
[Result "1-0"]
[WhiteElo "1674"]
[BlackElo "1998"]
[PlyCount "125"]
[EventDate "2006.10.04"]
[SourceDate "2006.10.12"]

1. e4 d6 2. d4 Nf6 3. Nc3 c6 4. f4 Qa5 5. Bd3 e5 6. Nf3 Bg4 7. fxe5 dxe5 8.
dxe5 Nfd7 9. O-O Nxe5 10. Qe1 Nxf3+ 11. gxf3 Bh3 12. Rf2 Bc5 13. Be3 Nd7 14.
Bf1 Bxf1 15. Kxf1 Ne5 16. Nd5 Qb5+ 17. Qe2 Qxe2+ 18. Kxe2 cxd5 19. Bxc5 dxe4
20. fxe4 Rc8 21. Bd4 Rxc2+ 22. Kf1 Rxf2+ 23. Kxf2 Nc6 24. Bxg7 Rg8 25. Bc3 Rg4
26. Re1 a5 27. a3 Rg5 28. Rd1 Rg6 29. Rd5 Rh6 30. Rb5 Rxh2+ 31. Kg3 Rh6 32.
Rxb7 Rg6+ 33. Kh4 Re6 34. e5 Nxe5 35. Bxa5 Ng6+ 36. Kg4 h5+ 37. Kh3 Re3+ 38.
Kh2 Re2+ 39. Kh3 f5 40. Bc3 Re6 41. a4 f4 42. a5 f3 43. Bd4 Nf4+ 44. Kh2 Rg6
45. b4 Rg2+ 46. Kh1 Ne2 47. Rg7 f2 48. Kxg2 Nxd4 49. Kxf2 Nc6 50. Rb7 Kd8 51.
a6 Kc8 52. b5 Na5 53. Rh7 Kb8 54. Kg3 Nc4 55. Rxh5 Nb6 56. Rh7 Ka8 57. Kf3 Nd5
58. Rg7 Kb8 59. Rb7+ Ka8 60. Ke4 Nb4 61. Rh7 Kb8 62. a7+ Ka8 63. b6 1-0

[Event "Prebor DDM 2006 A"]
[Site "?"]
[Date "2006.10.18"]
[Round "3"]
[White "Nemec, Jan"]
[Black "Kottek, Eduard"]
[Result "1-0"]
[WhiteElo "1887"]
[BlackElo "1871"]
[PlyCount "43"]
[EventDate "2006.10.04"]
[SourceDate "2006.10.18"]

1. e4 c5 2. Nf3 Nc6 3. d4 cxd4 4. Nxd4 Nf6 5. Nc3 e5 6. Ndb5 d6 7. Bg5 a6 8.
Na3 b5 9. Bxf6 gxf6 10. Nd5 f5 11. Bd3 Be6 12. O-O Bg7 13. c3 Bxd5 14. exd5 Ne7
15. Qh5 e4 16. Bc2 Qd7 17. Rad1 Rc8 18. f3 b4 19. fxe4 bxa3 20. exf5 Ng8 21.
Qg4 Be5 22. Ba4 1-0

[Event "Prebor DDM 2006 A"]
[Site "?"]
[Date "2006.10.18"]
[Round "3"]
[White "Hacaperka, Michal"]
[Black "Safranek, David"]
[Result "1-0"]
[WhiteElo "1939"]
[BlackElo "1714"]
[PlyCount "33"]
[EventDate "2006.10.04"]
[SourceDate "2006.10.18"]

1. e4 e5 2. Nf3 Nc6 3. Bb5 a6 4. Ba4 Nf6 5. O-O b5 6. Bb3 d6 7. Ng5 d5 8. exd5
Nxd5 9. Qf3 Be6 10. Nxe6 fxe6 11. Nc3 Nce7 12. Re1 c5 13. Bxd5 exd5 14. Rxe5 d4
15. Qc6+ Kf7 16. Qe6+ Ke8 17. Ne4 1-0

[Event "Prebor DDM 2006 A"]
[Site "?"]
[Date "2006.10.18"]
[Round "3"]
[White "Krivanek, Vladimir"]
[Black "Schmidt, Karel"]
[Result "1-0"]
[WhiteElo "2122"]
[BlackElo "1634"]
[PlyCount "51"]
[EventDate "2006.10.04"]
[SourceDate "2006.10.18"]

1. e4 d5 2. exd5 Nf6 3. Nc3 Nxd5 4. Bc4 Nxc3 5. Qf3 e6 6. dxc3 Be7 7. Qg3 O-O
8. Bh6 Bf6 9. Rd1 Qe7 10. Nf3 Nc6 11. O-O Kh8 12. Be3 e5 13. Rfe1 Bf5 14. Bb3
Rad8 15. Bd4 Rfe8 16. Be3 Rxd1 17. Rxd1 Rd8 18. Rxd8+ Qxd8 19. h4 Qe7 20. Bg5
e4 21. Bxf6 gxf6 22. Nd4 Nxd4 23. cxd4 h5 24. Qf4 Bg6 25. Qh6+ Kg8 26. Qxg6+
1-0

[Event "Prebor DDM 2006 A"]
[Site "?"]
[Date "2006.10.18"]
[Round "3"]
[White "Vlach, Karel"]
[Black "Sevcak, Frantisek"]
[Result "1-0"]
[WhiteElo "1893"]
[BlackElo "2114"]
[PlyCount "113"]
[EventDate "2006.10.04"]
[SourceDate "2006.10.18"]

1. e4 c5 2. Nf3 d6 3. c3 Nf6 4. e5 dxe5 5. Nxe5 Nbd7 6. Bb5 a6 7. Qb3 e6 8.
Nxd7 Bxd7 9. Bxd7+ Qxd7 10. a4 Be7 11. Na3 O-O 12. O-O Rfd8 13. Nc2 e5 14. Re1
e4 15. Re3 Rac8 16. Qc4 Qf5 17. Qe2 Bd6 18. Rh3 g6 19. Ne3 Qe6 20. Qc4 Qd7 21.
f3 Re8 22. fxe4 Rxe4 23. Qf1 Nh5 24. d3 Rf4 25. Rf3 Re8 26. g3 Rxf3 27. Qxf3
Be5 28. Ng4 Bg7 29. Bd2 f5 30. Nf2 Nf6 31. Re1 Rxe1+ 32. Bxe1 h6 33. Kf1 Kh7
34. Bd2 b6 35. Qf4 Nd5 36. Qc4 Nc7 37. a5 Qd6 38. Bf4 Qc6 39. axb6 Qxb6 40.
Bxc7 Qxc7 41. Qxa6 f4 42. Kg2 fxg3 43. hxg3 h5 44. Ne4 h4 45. Qd6 Qb7 46. Qxc5
Qxb2+ 47. Qf2 Qb5 48. c4 Qb3 49. Ng5+ Kh6 50. Qe3 Qb2+ 51. Kh3 hxg3 52. Qxg3
Qd4 53. Ne6 Qf6 54. Qh4+ Qxh4+ 55. Kxh4 Bf6+ 56. Kg4 Kh7 57. c5 1-0

[Event "Prebor DDM 2006 A"]
[Site "?"]
[Date "2006.10.18"]
[Round "3"]
[White "Hrdina, Jiri"]
[Black "Zuna, Zdenek"]
[Result "0-1"]
[WhiteElo "1920"]
[BlackElo "1769"]
[PlyCount "74"]
[EventDate "2006.10.04"]
[SourceDate "2006.10.19"]

1. e4 e5 2. Nf3 d6 3. Bc4 Be7 4. O-O Nf6 5. Nc3 O-O 6. d4 Nbd7 7. Be3 c6 8.
dxe5 dxe5 9. Qe2 Qc7 10. Rad1 Nc5 11. Bc1 Bg4 12. h3 Bh5 13. b4 Ncd7 14. a3 a5
15. b5 Nb6 16. Bd3 Rfe8 17. g4 Nxg4 18. hxg4 Bxg4 19. Qe3 Nd7 20. Nh2 Bc5 21.
Qg3 Bxd1 22. Bh6 Bf8 23. Nxd1 Re6 24. Ng4 Rg6 25. Bc1 h5 26. f3 hxg4 27. fxg4
Nf6 28. Nf2 Bc5 29. g5 Nh5 30. Qh4 Nf4 31. Bxf4 exf4 32. e5 Qxe5 33. Bxg6 fxg6
34. bxc6 bxc6 35. Kh2 Rd8 36. Nd3 Rxd3 37. cxd3 Qe2+ 0-1

[Event "Prebor DDM 2006 A"]
[Site "?"]
[Date "2006.10.19"]
[Round "12"]
[White "Nemec, Jan"]
[Black "Hrdina, Jiri"]
[Result "1-0"]
[WhiteElo "1887"]
[BlackElo "1920"]
[PlyCount "77"]
[EventDate "2006.10.04"]
[SourceDate "2006.10.19"]

1. e4 e6 2. d4 d5 3. Nc3 Bb4 4. a3 Bxc3+ 5. bxc3 c5 6. dxc5 Ne7 7. exd5 exd5 8.
Bb5+ Nbc6 9. Ne2 O-O 10. O-O a6 11. Bxc6 bxc6 12. Be3 Nf5 13. Bd4 Qg5 14. Ng3
a5 15. Re1 Nxg3 16. hxg3 Bg4 17. f3 Be6 18. g4 Rae8 19. Re5 Qf4 20. Qd3 Bd7 21.
Rae1 Rxe5 22. Bxe5 Qg5 23. Bc7 Re8 24. Rxe8+ Bxe8 25. Qe2 Bd7 26. Bxa5 Qc1+ 27.
Kh2 Qxa3 28. Qe7 Qxa5 29. Qxd7 Qa8 30. Qd6 h6 31. Kg3 Qe8 32. Kf2 Qe6 33. Qxe6
fxe6 34. f4 Kf7 35. Ke3 Kf6 36. Kd4 g5 37. g3 Kf7 38. Ke5 Ke7 39. c4 1-0

[Event "Prebor DDM 2006 A"]
[Site "?"]
[Date "2006.10.25"]
[Round "4"]
[White "Schmidt, Karel"]
[Black "Kottek, Eduard"]
[Result "0-1"]
[WhiteElo "1634"]
[BlackElo "1871"]
[PlyCount "85"]
[EventDate "2006.10.04"]
[SourceDate "2006.10.25"]

1. d4 Nf6 2. c4 e6 3. Nc3 Bb4 4. Qc2 c5 5. e3 Nc6 6. Nf3 O-O 7. Bd3 h6 8. Bd2
d5 9. a3 Bxc3 10. Bxc3 dxc4 11. Bxc4 Qe7 12. O-O b6 13. Rfe1 Bb7 14. e4 cxd4
15. Nxd4 Rfd8 16. Nxc6 Bxc6 17. Bb4 Qe8 18. Rad1 Rxd1 19. Qxd1 Bxe4 20. f3 Rd8
21. Qe2 Bc6 22. Qe5 Nd5 23. Bxd5 Rxd5 24. Qc7 Qd7 25. Qf4 Rf5 26. Qe3 Rd5 27.
Qf4 Rd4 28. Qb8+ Kh7 29. Qe5 Rd1 30. Rxd1 Qxd1+ 31. Kf2 Qd5 32. Qc7 Qd7 33.
Qxd7 Bxd7 34. Be7 Kg6 35. h4 h5 36. Ke3 Kf5 37. b3 Bc6 38. Bd6 f6 39. g3 g5 40.
g4+ hxg4 41. h5 gxf3 42. h6 Kg6 43. Bf8 0-1

[Event "Prebor DDM 2006 A"]
[Site "?"]
[Date "2006.10.25"]
[Round "4"]
[White "Zuna, Zdenek"]
[Black "Vlach, Karel"]
[Result "1-0"]
[WhiteElo "1769"]
[BlackElo "1893"]
[PlyCount "63"]
[EventDate "2006.10.04"]
[SourceDate "2006.10.25"]

1. e4 e5 2. Nf3 Nc6 3. d4 exd4 4. c3 d3 5. Bxd3 d5 6. exd5 Qxd5 7. O-O Bg4 8.
Qe2+ Be7 9. Be4 Qh5 10. Bf4 Qc5 11. b4 Qh5 12. b5 Nd8 13. Re1 Ne6 14. Bxb7 Nxf4
15. Qc4 Nh3+ 16. Kf1 Bd7 17. Bxa8 Qxb5 18. Bd5 Qb6 19. Nd4 c5 20. Nd2 Ng5 21.
Rab1 Qd8 22. Nc6 Bxc6 23. Bxc6+ Kf8 24. Qf4 Qd3+ 25. Kg1 g6 26. Rb8+ Kg7 27.
Qe5+ f6 28. Qf4 Bd6 29. Rb7+ Nf7 30. Qc4 Qxd2 31. Rxf7+ Kh6 32. Qh4# 1-0

[Event "Prebor DDM 2006 A"]
[Site "?"]
[Date "2006.10.25"]
[Round "4"]
[White "Sevcak, Frantisek"]
[Black "Pokorny, Ondrej"]
[Result "1-0"]
[WhiteElo "2114"]
[BlackElo "1942"]
[PlyCount "63"]
[EventDate "2006.10.04"]
[SourceDate "2006.10.25"]

1. d4 d5 2. c4 c6 3. Nc3 Nf6 4. Nf3 dxc4 5. a4 Bf5 6. Ne5 Nbd7 7. Nxc4 e6 8. f3
Bg6 9. e4 Be7 10. Bf4 Nh5 11. Be3 O-O 12. Qd2 Bb4 13. Bg5 Qc7 14. g4 Nhf6 15.
Bf4 Qc8 16. Bd3 Rd8 17. h4 h5 18. g5 Ne8 19. O-O-O Nb6 20. Ne5 Rxd4 21. Nxg6
fxg6 22. b3 Nd7 23. Be3 Rd6 24. Qc2 a6 25. f4 e5 26. f5 b5 27. fxg6 Rxg6 28.
Be2 c5 29. Bxh5 Rc6 30. Nd5 c4 31. Nxb4 cxb3 32. Qxc6 1-0

[Event "Prebor DDM 2006 A"]
[Site "?"]
[Date "2006.10.25"]
[Round "6"]
[White "Fica, Alexander"]
[Black "Hrdina, Jiri"]
[Result "0-1"]
[WhiteElo "1805"]
[BlackElo "1920"]
[PlyCount "78"]
[EventDate "2006.10.04"]
[SourceDate "2006.10.25"]

1. d4 Nf6 2. c4 g6 3. Nc3 d5 4. e3 Bg7 5. Bd3 O-O 6. Nge2 e6 7. O-O Nc6 8. a3
a5 9. Rb1 e5 10. cxd5 Nxd5 11. Nxd5 Qxd5 12. Nc3 Qd8 13. d5 Ne7 14. e4 f5 15.
Bg5 h6 16. Bxe7 Qxe7 17. Bc4 Kh7 18. Rc1 f4 19. Be2 Bd7 20. f3 Rfd8 21. Qb3 Be8
22. Rfd1 a4 23. Qc2 Qc5+ 24. Kf1 Bf8 25. Qd2 Qb6 26. Bc4 Bd6 27. Qe2 Ra5 28.
Rc2 g5 29. g4 Bd7 30. Kg2 Kg6 31. Rh1 Be7 32. h3 Rh8 33. Nd1 Bd6 34. Nf2 Raa8
35. h4 h5 36. hxg5 Kxg5 37. gxh5 Rxh5 38. Rxh5+ Kxh5 39. Kf1 Rg8 {
bily prekrocil cas} 0-1

[Event "Prebor DDM 2006 A"]
[Site "?"]
[Date "2006.10.25"]
[Round "4"]
[White "Kalab, Jaromir"]
[Black "Hacaperka, Michal"]
[Result "0-1"]
[WhiteElo "1674"]
[BlackElo "1939"]
[PlyCount "84"]
[EventDate "2006.10.04"]
[SourceDate "2006.10.25"]

1. e4 c5 2. a3 Nc6 3. b4 cxb4 4. axb4 Nxb4 5. c3 Nc6 6. d4 d6 7. f4 e5 8. Nf3
Qc7 9. Bc4 Bg4 10. O-O Nf6 11. Qd3 Be7 12. Nbd2 O-O 13. h3 Bd7 14. f5 Rac8 15.
Nb3 a6 16. Ng5 Nd8 17. Na5 b5 18. Ba2 Qxc3 19. Qxc3 Rxc3 20. dxe5 dxe5 21. Bb2
Rg3 22. Nf3 Bc5+ 23. Kh2 Nxe4 24. Bxe5 Rxf3 25. Rxf3 Kh8 26. Rd1 Bc8 27. Bd5
Bb6 28. Bxe4 Bxa5 29. f6 g6 30. Bc3 Bc7+ 31. g3 Ne6 32. Bb4 Rg8 33. Rfd3 a5 34.
Be7 b4 35. Bc6 Bb6 36. Bd7 Bxd7 37. Rxd7 Rc8 38. Bd6 b3 39. Rxf7 b2 40. Bc7
Bxc7 41. Re7 Ng5 42. Rxc7 Rb8 0-1

[Event "Prebor DDM 2006 A"]
[Site "?"]
[Date "2006.10.25"]
[Round "4"]
[White "Krivanek, Vladimir"]
[Black "Rakous, Pavel"]
[Result "0-1"]
[WhiteElo "2122"]
[BlackElo "1998"]
[PlyCount "102"]
[EventDate "2006.10.04"]
[SourceDate "2006.10.25"]

1. e4 d6 2. d4 Nf6 3. Nc3 c6 4. Nf3 g6 5. Bg5 Bg7 6. h3 Qa5 7. Bd3 e5 8. dxe5
dxe5 9. O-O h6 10. Bd2 Qc7 11. b4 Be6 12. a4 Nbd7 13. a5 O-O 14. Qc1 Kh7 15.
Na4 b5 16. axb6 axb6 17. c4 Rfd8 18. Qc2 Nh5 19. Rfd1 Nf4 20. Bf1 f5 21. Be3
fxe4 22. Ne1 Rab8 23. Rac1 c5 24. Nc3 Nf6 25. Nb5 Qe7 26. bxc5 bxc5 27. Ra1
Rxd1 28. Rxd1 Bd7 29. Nd6 Ne6 30. Nxe4 Bc6 31. Nxf6+ Bxf6 32. Bd3 Be8 33. Nf3
Nd4 34. Bxd4 exd4 35. Re1 Qg7 36. Nd2 Be7 37. Ne4 Bf8 38. Ng3 Qf6 39. Ra1 Qb6
40. Ne4 Bf7 41. Qd1 Kg7 42. Qf3 Be7 43. Re1 Qc7 44. Ng3 Rb6 45. Ne2 Rf6 46. Qe4
Bd6 47. g3 Qd7 48. Qg2 g5 49. Rb1 Qa4 50. Qe4 Bg6 51. Rb7+ Kh8 0-1

[Event "Prebor DDM 2006 A"]
[Site "?"]
[Date "2006.10.26"]
[Round "4"]
[White "Fica, Alexander"]
[Black "Pokorny, Ondrej"]
[Result "0-1"]
[WhiteElo "1805"]
[BlackElo "1942"]
[PlyCount "64"]
[EventDate "2006.10.04"]
[SourceDate "2006.10.26"]

1. d4 d5 2. Nf3 Nf6 3. c4 c6 4. Nc3 dxc4 5. a4 Bf5 6. e3 e6 7. Bxc4 Nbd7 8. O-O
Bb4 9. Bd3 Bg4 10. Be2 O-O 11. Qc2 Rc8 12. Ng5 Bxe2 13. Qxe2 c5 14. Na2 Nd5 15.
e4 N5b6 16. Rd1 Qe7 17. Nxb4 cxb4 18. b3 Rxc1 19. f4 Rxa1 20. Rxa1 Rc8 21. a5
Na8 22. Qb5 Nf6 23. e5 Nd5 24. Qd3 g6 25. Qh3 h5 26. Ne4 Rc2 27. Qf3 Qh4 28.
Rf1 Qg4 29. Nf6+ Nxf6 30. Qxb7 Nc7 31. exf6 Nd5 32. Qb8+ Kh7 0-1

[Event "Prebor DDM 2006 A"]
[Site "?"]
[Date "2006.11.01"]
[Round "5"]
[White "Hacaperka, Michal"]
[Black "Fica, Alexander"]
[Result "1-0"]
[WhiteElo "1939"]
[BlackElo "1805"]
[PlyCount "31"]
[EventDate "2006.10.04"]
[SourceDate "2006.11.01"]

1. e4 g6 2. d4 d5 3. e5 Bg7 4. Bf4 e6 5. Nf3 Ne7 6. Qd2 Nd7 7. Bd3 c5 8. c3 c4
9. Bc2 b5 10. Bh6 O-O 11. h4 Kh8 12. h5 Nf5 13. Bxf5 exf5 14. hxg6 f4 15. Qxf4
fxg6 16. Bxg7+ 1-0

[Event "Prebor DDM 2006 A"]
[Site "?"]
[Date "2006.11.01"]
[Round "5"]
[White "Hrdina, Jiri"]
[Black "Kalab, Jaromir"]
[Result "1-0"]
[WhiteElo "1920"]
[BlackElo "1674"]
[PlyCount "123"]
[EventDate "2006.10.04"]
[SourceDate "2006.11.01"]

1. e4 e5 2. Nf3 Nc6 3. Bb5 d6 4. O-O Nf6 5. d4 Bd7 6. dxe5 Nxe5 7. Bxd7+ Qxd7
8. Nxe5 dxe5 9. Qxd7+ Nxd7 10. Nc3 c6 11. a3 a5 12. Be3 Bc5 13. Bxc5 Nxc5 14.
b4 axb4 15. axb4 Rxa1 16. Rxa1 Na6 17. b5 cxb5 18. Nxb5 O-O 19. Nd6 Nc5 20. f3
g6 21. Rb1 Rd8 22. Nc4 f6 23. Kf1 Rc8 24. Ne3 Rb8 25. Rb6 Kf7 26. Nd5 Nd7 27.
Rd6 Ke8 28. Re6+ Kd8 29. Nxf6 Nxf6 30. Rxf6 Ke7 31. Rb6 Kd7 32. Ke2 Kc7 33. Re6
Ra8 34. Rxe5 Ra2 35. Kd2 Kd6 36. Rd5+ Kc6 37. h4 b5 38. h5 gxh5 39. Rxh5 b4 40.
Kc1 Ra1+ 41. Kb2 Rg1 42. Rxh7 Rxg2 43. Rh5 Rf2 44. Rf5 Re2 45. Kb3 Kd6 46. c4
bxc3 47. Kxc3 Ke6 48. Kd3 Ra2 49. Ke3 Ra3+ 50. Kf4 Ra2 51. Rh5 Rf2 52. Rh6+ Kf7
53. Ra6 Ke7 54. e5 Rf1 55. Ke4 Re1+ 56. Kf5 Kf7 57. Ra7+ Kf8 58. Kf6 Kg8 59. f4
Re4 60. f5 Re1 61. e6 Kh8 62. e7 1-0